| 000 | 00422nam a2200157Ia 4500 | ||
|---|---|---|---|
| 005 | 20241108140035.0 | ||
| 008 | 240126s9999 xx 000 0 und d | ||
| 020 | _a9789388425957 | ||
| 082 | _a647.94 GAN;1 R | ||
| 100 | _aGanguly, Pralay. | ||
| 245 | 0 | _aHousekeeping management in hotel and service industry | |
| 260 |
_bI K Intelnational _aNew Delhi _c2019 |
||
| 300 | _axii, 372 | ||
| 440 | _aNULL | ||
| 942 | _cPU | ||
| 999 |
_c294070 _d294070 |
||